[Event "FIDE World Ch (w)"]
[Site "Moscow RUS"]
[Date "2001.11.28"]
[Round "1.2"]
[White "Pahtz, Elisabeth"]
[Black "Radziewicz, Iweta"]
[Result "1/2-1/2"]
[WhiteElo "2390"]
[BlackElo "2375"]
[EventDate "2001.11.27"]
[PlyCount "46"]

1.e4 c5 2.Nf3 g6 3.d4 Bg7 4.dxc5 Qa5+ 5.c3 Qxc5 6.Na3 d6 7.Nb5 a6 8.Be3 
Qc6 9.Na7 Qc7 10.Nxc8 Qxc8 11.Qb3 Nf6 12.Bc4 e6 13.e5 dxe5 14.Nxe5 Nc6 15.
Nxc6 Qxc6 16.O-O O-O 17.Be2 e5 18.Rfd1 Rad8 19.Qb6 Qxb6 20.Bxb6 Rd7 21.c4 
Rc8 22.b4 Bh6 23.f3 Bd2 1/2-1/2

[Event "FIDE World Ch (w)"]
[Site "Moscow RUS"]
[Date "2001.11.27"]
[Round "1.1"]
[White "Kiseleva, Natalia"]
[Black "Wang Yu"]
[Result "1-0"]
[WhiteElo "2382"]
[BlackElo "2378"]
[EventDate "2001.11.27"]
[PlyCount "69"]

1.d4 Nf6 2.c4 c5 3.d5 e6 4.Nc3 exd5 5.cxd5 d6 6.Nf3 g6 7.Bf4 a6 8.e4 Bg7 
9.Qa4+ Bd7 10.Qb3 Bc8 11.a4 O-O 12.Be2 Nh5 13.Be3 Nd7 14.O-O Re8 15.Nd2 
Nhf6 16.h3 h6 17.Qc2 Rb8 18.a5 Qc7 19.Bf4 Ne5 20.Bg3 g5 21.f4 gxf4 22.Bxf4
Nfd7 23.Ra3 Ng6 24.Bg3 Nde5 25.Nd1 Bd7 26.Ne3 Bb5 27.Bxb5 axb5 28.Nf5 b4 
29.Re3 Bf8 30.Nc4 Ra8 31.Bxe5 Nxe5 32.Rg3+ Kh7 33.Nxe5 dxe5 34.Qe2 Ra6 35.
d6 1-0

[Event "FIDE World Ch (w)"]
[Site "Moscow RUS"]
[Date "2001.11.27"]
[Round "1.1"]
[White "Socko, Monika"]
[Black "Mkrtchian, Lilit"]
[Result "0-1"]
[WhiteElo "2375"]
[BlackElo "2382"]
[EventDate "2001.11.27"]
[PlyCount "149"]

1.d4 d5 2.c4 e6 3.Nc3 Be7 4.cxd5 exd5 5.Bf4 c6 6.e3 Bd6 7.Bg3 Ne7 8.Nf3 
O-O 9.Ne5 f6 10.Nf3 Re8 11.Bd3 Bf5 12.Qc2 Bxd3 13.Qxd3 Na6 14.a3 Nc8 15.b4
b5 16.Nd2 Nb6 17.O-O Nc4 18.Nxc4 bxc4 19.Qf5 Nc7 20.e4 dxe4 21.Nxe4 Bxg3 
22.Nxg3 Qd5 23.Qg4 Rad8 24.Rad1 Nb5 25.Nf5 g6 26.Ne3 Qf7 27.Rd2 Nxa3 28.
Qf3 Nb5 29.Ng4 Kg7 30.Qh3 Nxd4 31.Ra2 Nf5 32.Ra6 Rd6 33.Qa3 Re7 34.b5 Rd4 
35.Ne3 cxb5 36.Nxf5+ gxf5 37.Qc5 Rd5 38.Qa3 h6 39.h3 Rde5 40.Kh2 Rd5 41.
Ra1 Rd2 42.Qc3 Rd3 43.Qb4 Rb7 44.Rc6 Qd5 45.Rca6 Qe5+ 46.g3 Qd4 47.R1a2 c3
48.Qb1 Qd5 49.Rxa7 Rd2 50.Rxb7+ Qxb7 51.Rxd2 cxd2 52.Qd3 b4 53.Qxd2 b3 54.
Qb2 Qf3 55.Qd4 Qb7 56.Qb2 Qb4 57.h4 f4 58.g4 Qb5 59.h5 f3 60.Kh3 Qf1+ 61.
Kg3 Qb5 62.Kh3 Qb6 63.Kg3 Qb7 64.Kh3 Qb8 65.g5 hxg5 66.Qb1 Qc8+ 67.Kg3 Qc2
68.Qe1 Qc7+ 69.Kh3 Qd7+ 70.Kg3 b2 71.Qb1 Qc7+ 72.Kh3 Qc8+ 73.Kg3 Qb8+ 74.
Kh3 f5 75.h6+ 0-1

[Event "FIDE World Ch (w)"]
[Site "Moscow RUS"]
[Date "2001.11.28"]
[Round "1.2"]
[White "Mkrtchian, Lilit"]
[Black "Socko, Monika"]
[Result "1-0"]
[WhiteElo "2376"]
[BlackElo "2389"]
[EventDate "2001.11.27"]
[PlyCount "87"]

1.e4 e6 2.d4 d5 3.Nd2 Nf6 4.e5 Nfd7 5.Bd3 c5 6.c3 Nc6 7.Ne2 cxd4 8.cxd4 
Qb6 9.Nf3 f6 10.exf6 Nxf6 11.O-O Bd6 12.Nc3 O-O 13.a3 Qd8 14.Re1 Qe8 15.
Be3 Bd7 16.Rc1 Rc8 17.Rc2 h6 18.Bb5 Ng4 19.Bxc6 bxc6 20.h3 Nxe3 21.Rxe3 
Bf4 22.Re1 c5 23.Rce2 Qf7 24.dxc5 Rxc5 25.Qd4 Rc4 26.Qxa7 d4 27.Nxd4 Bb8 
28.Qb6 Bc7 29.Qa7 Bb8 30.Qb6 Bc7 31.Qa7 e5 32.Nc2 Qg6 33.Nd5 Kh8 34.Nxc7 
Bxh3 35.Ne3 Re4 36.Ncd5 Rd8 37.f3 Rd4 38.Qe7 Re8 39.Qc5 Rh4 40.Nf1 e4 41.
Nc3 Rc8 42.Qf2 Qh5 43.Rxe4 Bg4 44.Ng3 1-0

[Event "FIDE World Ch (w)"]
[Site "Moscow RUS"]
[Date "2001.11.27"]
[Round "1.1"]
[White "Vijayalakshmi, Subbaraman"]
[Black "Dworakowska, Joanna"]
[Result "0-1"]
[WhiteElo "2405"]
[BlackElo "2358"]
[EventDate "2001.11.27"]
[PlyCount "150"]

1.d4 f5 2.g3 Nf6 3.Bg2 g6 4.c3 Bg7 5.Nd2 O-O 6.Qb3+ d5 7.Nh3 c6 8.Nf3 Qe8 
9.Nf4 e6 10.h4 Ne4 11.Nd3 Nd7 12.Bf4 b6 13.O-O c5 14.Qc2 Bb7 15.Rfc1 Qe7 
16.Nde5 Ndf6 17.Nd3 Ng4 18.Nfe5 Bxe5 19.dxe5 c4 20.f3 cxd3 21.exd3 Ne3 22.
Bxe3 Nxg3 23.Bg5 Qg7 24.Qd2 f4 25.Re1 Nh5 26.Bh3 Rae8 27.d4 h6 28.Bf6 Nxf6
29.exf6 Qxf6 30.Qf2 e5 31.dxe5 Rxe5 32.Rxe5 Qxe5 33.Re1 Qg7 34.Qd2 Kh7 35.
Qd3 h5 36.Kh2 Rf7 37.Rg1 Qf6 38.Rg5 Kh6 39.Qd2 Re7 40.Bf1 Re5 41.Qd4 Re6 
42.Qd2 Re5 43.Qd4 Rf5 44.Rxf5 Qxd4 45.cxd4 gxf5 46.Bb5 Kg6 47.Be8+ Kf6 48.
Kg2 Ba6 49.Kf2 Bd3 50.Ke1 Bb1 51.a3 Bc2 52.Kd2 Bb3 53.Ke2 Bc2 54.Ke1 Bb3 
55.Kd2 Bc4 56.b4 Bb3 57.Ke2 Bc4+ 58.Ke1 Bb3 59.Kd2 Kg7 60.Kc1 Kf6 61.Kd2 
Kg7 62.b5 Bc4 63.a4 Bb3 64.Bxh5 Bxa4 65.Be8 a5 66.Bc6 Bb3 67.Kc3 Bc4 68.
Be8 Be2 69.Bd7 Kg6 70.Be8+ Kh6 71.Bd7 Bxf3 72.Bxf5 Kh5 73.Kd2 Kxh4 74.Ke1 
Kg3 75.Bc2 Bg2 0-1

[Event "FIDE World Ch (w)"]
[Site "Moscow RUS"]
[Date "2001.11.28"]
[Round "1.2"]
[White "Dworakowska, Joanna"]
[Black "Vijayalakshmi, Subbaraman"]
[Result "1/2-1/2"]
[WhiteElo "2350"]
[BlackElo "2397"]
[EventDate "2001.11.27"]
[PlyCount "103"]

1.e4 e5 2.Nf3 Nc6 3.d4 exd4 4.Nxd4 Nf6 5.Nxc6 bxc6 6.e5 Qe7 7.Qe2 Nd5 8.c4
Ba6 9.b3 g5 10.h4 Bg7 11.Bb2 h6 12.Nd2 O-O-O 13.O-O-O Rde8 14.g3 Nb6 15.f4
Bb7 16.hxg5 hxg5 17.Rxh8 Bxh8 18.Nf3 gxf4 19.gxf4 a5 20.Qf2 a4 21.Nd4 f6 
22.Nf5 Qd8 23.Bd4 fxe5 24.Bxb6 cxb6 25.Nd6+ Kc7 26.Nxe8+ Qxe8 27.Bh3 d6 
28.Qd2 Qe7 29.bxa4 exf4 30.Qxf4 Be5 31.Qg4 Bf6 32.Qe6 Qd8 33.Rf1 Bg5+ 34.
Kc2 b5 35.axb5 Qa8 36.b6+ Kxb6 37.Rb1+ Ka7 38.Qxd6 Qg8 39.Qc5+ Ka8 40.Bf5 
Bf4 41.Rg1 Qe8 42.Bd3 Qh8 43.Rg2 Bb8 44.Rf2 Qh3 45.Qa3+ Ba7 46.Rf8+ Bc8 
47.Qa6 Qh2+ 48.Kd1 Qh1+ 49.Kc2 Qh2+ 50.Kd1 Qg1+ 51.Kc2 Qh2+ 52.Kd1 1/2-1/2

[Event "FIDE World Ch (w)"]
[Site "Moscow RUS"]
[Date "2001.11.27"]
[Round "1.1"]
[White "Levushkina, Elena"]
[Black "Maric, Alisa"]
[Result "0-1"]
[WhiteElo "2280"]
[BlackElo "2457"]
[EventDate "2001.11.27"]
[PlyCount "105"]

1.e4 e6 2.d4 d5 3.Nd2 c5 4.exd5 Qxd5 5.Ngf3 cxd4 6.Bc4 Qd6 7.O-O Nf6 8.Nb3
Nc6 9.Nbxd4 Nxd4 10.Nxd4 a6 11.Re1 Qc7 12.Qe2 Bd6 13.Bg5 O-O 14.Bxf6 gxf6 
15.Bd3 Qc5 16.Rad1 Rd8 17.Qg4+ Qg5 18.Qh3 f5 19.Nf3 Qg4 20.Qh6 Be7 21.Qe3 
Bf6 22.Ne5 Qg7 23.f4 Bd7 24.Qf3 Bxe5 25.Rxe5 Bc6 26.Qe2 Rd4 27.Rf1 Rad8 
28.Re3 Kh8 29.Rg3 Qf6 30.Qh5 Rg8 31.Rxg8+ Kxg8 32.Qe2 Qg7 33.g3 h6 34.c3 
Rd7 35.Rd1 Qf8 36.Bc2 Qc5+ 37.Qf2 Rxd1+ 38.Bxd1 Qd5 39.Qe2 Qh1+ 40.Kf2 
Qxh2+ 41.Ke1 Qxg3+ 42.Qf2 Qxf2+ 43.Kxf2 f6 44.Ke3 e5 45.b3 Kf7 46.Bh5+ Ke6
47.a4 a5 48.Bd1 Kd5 49.Bc2 Bd7 50.Bd1 Kc5 51.Be2 Bc6 52.Bd1 Be4 53.fxe5 
0-1

[Event "FIDE World Ch (w)"]
[Site "Moscow RUS"]
[Date "2001.11.27"]
[Round "1.1"]
[White "Grabuzova, Tatiana"]
[Black "Galianina-Ryanova, Yulia"]
[Result "1-0"]
[WhiteElo "2399"]
[BlackElo "2320"]
[EventDate "2001.11.27"]
[PlyCount "123"]

1.b3 e5 2.Bb2 d6 3.g3 Nc6 4.Bg2 Be6 5.c4 Qd7 6.Nc3 Nf6 7.Nf3 Bh3 8.O-O h5 
9.Bxh3 Qxh3 10.Ng5 Qf5 11.h4 Be7 12.Qb1 Qd7 13.Nd5 Nxd5 14.cxd5 Nb4 15.Qe4
Qg4 16.d3 Bxg5 17.hxg5 a5 18.a3 Na6 19.Qxg4 hxg4 20.b4 Ke7 21.Rfc1 Rh5 22.
Rc4 Rxg5 23.Bc1 Rg6 24.Be3 Rh8 25.Kg2 Kd7 26.bxa5 f5 27.Rh1 Rxh1 28.Kxh1 
Rf6 29.Kg2 Rf8 30.f3 gxf3+ 31.Kxf3 Rh8 32.Rc1 Rh5 33.Rb1 Kc8 34.Bf2 Rh2 
35.Bg1 Rh3 36.Kg2 Rh5 37.Rf1 g6 38.Be3 Rh7 39.Bg1 Kd7 40.e4 Rf7 41.Be3 Ke8
42.Rb1 f4 43.gxf4 exf4 44.Bd4 c5 45.dxc6 bxc6 46.Rb6 Nc7 47.Rxc6 Kd7 48.
Rb6 Rf8 49.Bc3 Rc8 50.Bb4 Ne8 51.Kf3 g5 52.Rb5 Nc7 53.Rxg5 Ne6 54.Rd5 Rc6 
55.e5 Ra6 56.Rxd6+ Rxd6 57.exd6 Kc6 58.Ke4 Kd7 59.a6 Kc6 60.a7 Kb7 61.d7 
Kxa7 62.Be7 1-0

[Event "FIDE World Ch (w)"]
[Site "Moscow RUS"]
[Date "2001.11.28"]
[Round "1.2"]
[White "Galianina-Ryanova, Yulia"]
[Black "Grabuzova, Tatiana"]
[Result "1/2-1/2"]
[WhiteElo "2335"]
[BlackElo "2399"]
[EventDate "2001.11.27"]
[PlyCount "105"]

1.d4 d6 2.c4 e5 3.Nf3 e4 4.Ng5 f5 5.Nc3 c6 6.Nh3 Na6 7.Bg5 Qd7 8.e3 h6 9.
Bh4 g5 10.Bg3 Nf6 11.Be2 Nc7 12.Ng1 Qe7 13.d5 c5 14.h4 g4 15.Bf1 Nh5 16.
Nge2 Bg7 17.Qd2 Bd7 18.Nf4 Nxf4 19.Bxf4 Rb8 20.a4 a5 21.Be2 Be5 22.Bxe5 
Qxe5 23.Bd1 h5 24.Ne2 b6 25.Nf4 Kf7 26.Ra3 Na6 27.Qc3 Nb4 28.Kd2 Rbe8 29.
Be2 Kg7 30.Raa1 Kh6 31.b3 Qxc3+ 32.Kxc3 Re5 33.Rae1 Rhe8 34.Bd1 Na6 35.Kd2
Nc7 36.Rhg1 Rf8 37.f3 Ne8 38.fxg4 hxg4 39.h5 Nf6 40.Ng6 Rfe8 41.Nf8 Rxf8 
42.Rh1 Nxh5 43.Reg1 Kg5 44.g3 Be8 45.Ke1 Bg6 46.Kf2 Ra8 47.Kg2 Rc8 48.Rf1 
Ra8 49.Be2 Ree8 50.Rf2 Re7 51.Bd1 Rae8 52.Rh4 Rf7 53.Rh1 1/2-1/2

[Event "FIDE World Ch (w)"]
[Site "Moscow RUS"]
[Date "2001.11.27"]
[Round "1.1"]
[White "Gaponenko, Inna"]
[Black "Lagvilava, Genrieta"]
[Result "1-0"]
[WhiteElo "2409"]
[BlackElo "2326"]
[EventDate "2001.11.27"]
[PlyCount "57"]

1.e4 c6 2.d4 d5 3.exd5 cxd5 4.c4 e6 5.Nc3 Nf6 6.Nf3 Bb4 7.cxd5 Nxd5 8.Qc2 
Nc6 9.a3 Be7 10.Bd3 Nxc3 11.bxc3 h6 12.O-O O-O 13.Qe2 Qc7 14.Rb1 a6 15.c4 
Bf6 16.Qe4 Rd8 17.Qh7+ Kf8 18.a4 Qd6 19.Rb6 Ke7 20.Bc2 a5 21.d5 exd5 22.
cxd5 Qxd5 23.Re1+ Kd7 24.Rb5 Qd6 25.Rd1 Bd4 26.Be3 Re8 27.Nxd4 Nxd4 28.
Bxd4 Ra6 29.Be3 1-0

[Event "FIDE World Ch (w)"]
[Site "Moscow RUS"]
[Date "2001.11.28"]
[Round "1.2"]
[White "Lagvilava, Genrieta"]
[Black "Gaponenko, Inna"]
[Result "0-1"]
[WhiteElo "2326"]
[BlackElo "2409"]
[EventDate "2001.11.27"]
[PlyCount "92"]

1.e4 c5 2.Nf3 d6 3.Bc4 Nf6 4.d3 Nc6 5.c3 g6 6.Bb3 Bg7 7.O-O O-O 8.Re1 Bg4 
9.h3 Bxf3 10.Qxf3 b5 11.Nd2 a5 12.a4 b4 13.Nc4 Nd7 14.Bd2 Rb8 15.Rab1 Nde5
16.Nxe5 Nxe5 17.Qe2 Qc7 18.f4 bxc3 19.bxc3 c4 20.dxc4 Nd7 21.Kh1 Qc6 22.
Bc2 Nb6 23.e5 Nxc4 24.e6 f5 25.Rxb8 Rxb8 26.Bc1 Bxc3 27.Rd1 Nb2 28.Rf1 Bf6
29.h4 Nxa4 30.h5 Nc3 31.Qe3 Ne4 32.Bd3 Qd5 33.h6 Rb3 34.Bxe4 fxe4 35.Qe2 
Qxe6 36.f5 gxf5 37.Qh5 Rb8 38.Rxf5 e3 39.Rb5 Rc8 40.Bxe3 Qxe3 41.Qg4+ Kf7 
42.Qxc8 Qe1+ 43.Kh2 Be5+ 44.Rxe5 Qxe5+ 45.Kh1 Qh5+ 46.Kg1 Qc5+ 0-1

[Event "FIDE World Ch (w)"]
[Site "Moscow RUS"]
[Date "2001.11.27"]
[Round "1.1"]
[White "Baginskaite, Camilla"]
[Black "Prudnikova, Svetlana"]
[Result "1-0"]
[WhiteElo "2336"]
[BlackElo "2411"]
[EventDate "2001.11.27"]
[PlyCount "107"]

1.d4 Nf6 2.c4 e6 3.Nf3 b6 4.g3 Ba6 5.Nbd2 c5 6.Bg2 Nc6 7.dxc5 bxc5 8.Qa4 
Qa5 9.Qxa5 Nxa5 10.Ne5 Rc8 11.b3 d6 12.Nd3 Be7 13.Bb2 Bb7 14.Bxb7 Nxb7 15.
e4 e5 16.f4 exf4 17.Nxf4 O-O 18.O-O Rfe8 19.Rfe1 Bd8 20.Rad1 Nd7 21.Nf3 
Ba5 22.Re3 f6 23.Kg2 Nf8 24.Nh4 Ne6 25.Nf5 Rc6 26.Nd5 Bd8 27.Bc3 Ng5 28.
Rde1 Kf8 29.h4 Nf7 30.g4 Ba5 31.Bxa5 Nxa5 32.Kh3 Rcc8 33.Rd1 Nc6 34.Nc3 
Rcd8 35.Nb5 Rd7 36.Nbxd6 g6 37.Nxe8 Rxd1 38.Nxf6 gxf5 39.exf5 Nce5 40.
Nxh7+ Kg7 41.Ng5 Nxg5+ 42.hxg5 Rd3 43.Rxd3 Nxd3 44.Kh4 Nf4 45.Kg3 Nd3 46.
Kf3 Ne5+ 47.Kf4 Nd3+ 48.Ke4 Nf2+ 49.Kd5 Kf7 50.Kxc5 Nxg4 51.Kd6 Ne3 52.f6 
Nf5+ 53.Kd7 Nd4 54.c5 1-0

[Event "FIDE World Ch (w)"]
[Site "Moscow RUS"]
[Date "2001.11.28"]
[Round "1.2"]
[White "Prudnikova, Svetlana"]
[Black "Baginskaite, Camilla"]
[Result "1-0"]
[WhiteElo "2411"]
[BlackElo "2324"]
[EventDate "2001.11.27"]
[PlyCount "67"]

1.d4 Nf6 2.c4 e6 3.Nc3 Bb4 4.e3 O-O 5.Bd3 c5 6.Nf3 d5 7.O-O Nc6 8.a3 Bxc3 
9.bxc3 dxc4 10.Bxc4 Qc7 11.Bb2 e5 12.h3 Bf5 13.Bb5 e4 14.Nh4 Be6 15.c4 a6 
16.d5 axb5 17.Bxf6 gxf6 18.dxe6 fxe6 19.Qg4+ Kf7 20.cxb5 Ne7 21.Qxe4 f5 
22.Qc4 b6 23.f4 Qb7 24.Nf3 Qd7 25.Qe2 Qd6 26.e4 Ng6 27.Ng5+ Kg8 28.Rad1 
Qe7 29.exf5 exf5 30.Qc4+ Kh8 31.Rfe1 Qg7 32.Re3 h6 33.Ne6 Qf7 34.Qc3+ 1-0

[Event "FIDE World Ch (w)"]
[Site "Moscow RUS"]
[Date "2001.11.27"]
[Round "1.1"]
[White "Petrenko, Svetlana"]
[Black "Kononenko, Tatiana"]
[Result "1-0"]
[WhiteElo "2336"]
[BlackElo "2395"]
[EventDate "2001.11.27"]
[PlyCount "149"]

1.e4 e6 2.d3 d5 3.Nd2 Nf6 4.Ngf3 b6 5.e5 Nfd7 6.d4 c5 7.c3 Be7 8.Bd3 Ba6 
9.Bxa6 Nxa6 10.Qe2 Nc7 11.O-O Qc8 12.c4 Qa6 13.b3 O-O 14.Bb2 Rac8 15.Rfe1 
Rfd8 16.a4 Nb8 17.Nb1 Nc6 18.dxc5 bxc5 19.Na3 Qb7 20.Nb5 a6 21.Nxc7 Rxc7 
22.cxd5 Rxd5 23.Rab1 Nd4 24.Nxd4 cxd4 25.Qd3 Rcd7 26.Re4 a5 27.h3 Qb4 28.
Rc1 Qb8 29.Rxd4 Qxe5 30.Rc8+ Rd8 31.Rxd5 Qxd5 32.Qxd5 exd5 33.Rxd8+ Bxd8 
34.f3 Bb6+ 35.Kf1 f6 36.Ke2 Kf7 37.Kd3 Ke6 38.g4 g6 39.Bc3 h5 40.b4 axb4 
41.Bxb4 Ke5 42.a5 Ba7 43.Bd2 hxg4 44.hxg4 g5 45.a6 Bb6 46.Ba5 Ba7 47.Bd2 
Bb6 48.Be3 d4 49.Bd2 Kd5 50.Ba5 Ba7 51.Bd8 Ke5 52.Bc7+ Kd5 53.Bg3 Kc5 54.
Bf2 Kd5 55.Bg1 Bb6 56.Bh2 Ba7 57.Bc7 Bc5 58.Bd8 Ke5 59.Kc4 Ba7 60.Bc7+ Ke6
61.Bg3 Kd7 62.Kd5 Bb6 63.Kc4 Kc6 64.Bb8 Bc5 65.Bg3 Bb6 66.Bf2 d3 67.Be1 
Bf2 68.Bc3 d2 69.Bxd2 Kb6 70.Bc3 Kxa6 71.Bxf6 Be3 72.Kd3 Bc1 73.Ke4 Kb5 
74.Kf5 Kc6 75.Bxg5 1-0

[Event "FIDE World Ch (w)"]
[Site "Moscow RUS"]
[Date "2001.11.27"]
[Round "1.1"]
[White "Arribas Robaina, Maritza"]
[Black "Peng Zhaoqin"]
[Result "0-1"]
[WhiteElo "2287"]
[BlackElo "2443"]
[EventDate "2001.11.27"]
[PlyCount "102"]

1.e4 e6 2.d3 c5 3.Nf3 Nc6 4.g3 g6 5.Bg2 Bg7 6.O-O Nge7 7.c3 e5 8.Be3 d6 9.
d4 exd4 10.cxd4 Bg4 11.dxc5 dxc5 12.Qxd8+ Rxd8 13.Nc3 Nd4 14.Bxd4 cxd4 15.
Ne2 Nc6 16.h3 Bxf3 17.Bxf3 d3 18.Nc3 Bxc3 19.bxc3 Ke7 20.Rfd1 Rd7 21.Rab1 
Ne5 22.Bg2 Rc8 23.Rb3 b6 24.Bf1 g5 25.f4 gxf4 26.gxf4 Ng6 27.Rxd3 Rxd3 28.
Bxd3 Nxf4 29.Bf1 Ne6 30.Kf2 Nc5 31.Rb4 Rd8 32.Ke3 Rd1 33.Be2 Rc1 34.Kd4 
Rc2 35.Bc4 Rd2+ 36.Ke5 f6+ 37.Kf4 Rc2 38.Rb1 Rxc3 39.Bd5 Rxh3 40.Rg1 Nd3+ 
41.Kg4 Rh2 42.Kf3 Rh3+ 43.Kg4 Re3 44.Kh4 Kd6 45.Rf1 Ke7 46.Rg1 Nf2 47.Rg3 
Rxg3 48.Kxg3 Nd3 49.Kg4 b5 50.Bg8 h6 51.Kh5 Kd6 0-1

[Event "FIDE World Ch (w)"]
[Site "Moscow RUS"]
[Date "2001.11.28"]
[Round "1.2"]
[White "Peng Zhaoqin"]
[Black "Arribas Robaina, Maritza"]
[Result "1-0"]
[WhiteElo "2401"]
[BlackElo "2327"]
[EventDate "2001.11.27"]
[PlyCount "71"]

1.d4 Nf6 2.Nf3 d6 3.c4 c5 4.Nc3 cxd4 5.Nxd4 g6 6.e4 Bg7 7.Be2 Nc6 8.Nc2 
Be6 9.O-O O-O 10.Be3 Ne5 11.b3 Qa5 12.Bd2 Rfc8 13.Rc1 a6 14.Nd4 Bd7 15.h3 
Qd8 16.Be3 Nc6 17.Nf3 h6 18.Nd5 Nxd5 19.exd5 Na7 20.Qd2 Kh7 21.Rfe1 b5 22.
c5 dxc5 23.Bxc5 Rcb8 24.Qe3 Nc8 25.Ne5 Be8 26.Nc6 Bxc6 27.dxc6 Qc7 28.Bf3 
Bf6 29.Rcd1 Nd6 30.Qf4 Rd8 31.Bxd6 Rxd6 32.Rxd6 Qxd6 33.Qxd6 exd6 34.c7 
Rc8 35.Rc1 d5 36.Bg4 1-0

[Event "FIDE World Ch (w)"]
[Site "Moscow RUS"]
[Date "2001.11.27"]
[Round "1.1"]
[White "Khurtsidze, Nino"]
[Black "Ramaswamy, Aarthie"]
[Result "1-0"]
[WhiteElo "2425"]
[BlackElo "2301"]
[EventDate "2001.11.27"]
[PlyCount "113"]

1.d4 Nf6 2.c4 g6 3.Nf3 Bg7 4.g3 O-O 5.Bg2 d6 6.O-O Nc6 7.d5 Na5 8.Qa4 c5 
9.Bd2 b6 10.Bc3 Bd7 11.Qc2 b5 12.cxb5 Bxb5 13.Na3 Bd7 14.e4 Ng4 15.Bxg7 
Kxg7 16.h3 Nf6 17.Rad1 Rb8 18.e5 dxe5 19.Nxe5 Qb6 20.Rd2 Bf5 21.Qc3 Qb4 
22.Re1 h5 23.Qxb4 cxb4 24.Nac4 Nxc4 25.Nxc4 Rfc8 26.Na5 Kf8 27.Nc6 Rb7 28.
Rd4 b3 29.axb3 Rd7 30.Ne5 Rdc7 31.Rc4 Bc2 32.Rc1 Rxc4 33.bxc4 Be4 34.Nc6 
Rc7 35.Ra1 Bd3 36.Bf1 Bxf1 37.Kxf1 Rb7 38.b4 Ne4 39.Ke2 Nd6 40.Kd3 Nc8 41.
c5 Rc7 42.b5 Ke8 43.Kc4 Kd7 44.Ra3 Ke8 45.g4 hxg4 46.hxg4 Kf8 47.g5 Kg7 
48.Rf3 Kg8 49.Rf4 Kg7 50.Kd4 Rb7 51.Rxf7+ Kg8 52.Kc4 a6 53.bxa6 Rb1 54.Rf4
Ra1 55.Kb5 Rb1+ 56.Rb4 Ra1 57.Ra4 1-0

[Event "FIDE World Ch (w)"]
[Site "Moscow RUS"]
[Date "2001.11.27"]
[Round "1.1"]
[White "Foisor, Cristina"]
[Black "Gu Xiaobing"]
[Result "1-0"]
[WhiteElo "2444"]
[BlackElo "2299"]
[EventDate "2001.11.27"]
[PlyCount "120"]

1.c4 c5 2.g3 Nf6 3.Bg2 d5 4.cxd5 Nxd5 5.Nc3 Nc7 6.Qa4+ Qd7 7.Qxd7+ Nxd7 8.
f4 g6 9.Nf3 Bg7 10.O-O O-O 11.d3 Rb8 12.a4 Re8 13.Nd2 Nf6 14.Nc4 Be6 15.
Nb5 Nxb5 16.axb5 a6 17.bxa6 bxa6 18.Rxa6 Bxc4 19.dxc4 Rb4 20.Bc6 Rc8 21.e4
Rxc4 22.e5 Ne8 23.Be3 Bf8 24.Rf2 e6 25.Rd2 Rb4 26.Bd7 Rcb8 27.Rc6 c4 28.
Bd4 Ng7 29.Bc3 Ra4 30.Rc7 Ra1+ 31.Kf2 h5 32.Rxc4 Nf5 33.Rc7 Rc1 34.Ke2 Rb6
35.Rc8 Ne7 36.Re8 Nd5 37.Rxd5 exd5 38.e6 fxe6 39.Bxe6+ Rxe6+ 40.Rxe6 Rc2+ 
41.Kf3 Rxh2 42.Rxg6+ Kf7 43.Rg5 h4 44.gxh4 Rxh4 45.Rxd5 Bh6 46.Be5 Ke6 47.
Rd6+ Kf7 48.Ke4 Bf8 49.Rb6 Bc5 50.Rf6+ Ke8 51.Kd5 Be7 52.Rg6 Kf7 53.Rb6 
Rh1 54.b4 Rd1+ 55.Ke4 Rb1 56.b5 Bc5 57.Rb7+ Kf8 58.Kd5 Be7 59.Ke6 Bd8 60.
Rb8 Ke8 1-0

[Event "FIDE World Ch (w)"]
[Site "Moscow RUS"]
[Date "2001.11.27"]
[Round "1.1"]
[White "Xu Yuanyuan"]
[Black "Pina Vega, Sulennis"]
[Result "1-0"]
[WhiteElo "2409"]
[BlackElo "2345"]
[EventDate "2001.11.27"]
[PlyCount "98"]

1.d4 Nf6 2.c4 d6 3.Nc3 g6 4.e4 Bg7 5.h3 O-O 6.Bg5 h6 7.Be3 e5 8.d5 Nbd7 9.
Nf3 Kh7 10.Bd3 c6 11.O-O c5 12.a3 Nh5 13.b4 b6 14.Qa4 Nf4 15.Bc2 Bb7 16.
Rab1 Qe7 17.Kh2 Rfc8 18.Nd2 cxb4 19.axb4 a6 20.g3 Nh5 21.Qb3 Bf6 22.Bd1 
Bg5 23.Bxh5 gxh5 24.Nd1 Rc7 25.f4 Bf6 26.Bf2 h4 27.f5 hxg3+ 28.Bxg3 Rg8 
29.Nf2 Bg5 30.Nf3 Bf4 31.Rg1 Bxg3+ 32.Rxg3 Rxg3 33.Kxg3 Rc8 34.Kh2 Nf6 35.
Rg1 Nh5 36.Ng4 Nf4 37.f6 Qc7 38.Ne3 Rg8 39.Rxg8 Kxg8 40.Qd1 Kf8 41.Qg1 Nh5
42.Qg4 Nxf6 43.Qh4 Ng8 44.Nf5 a5 45.bxa5 bxa5 46.Qg4 f6 47.N3h4 Bc8 48.
Ng6+ Ke8 49.Nxe5 Ne7 1-0

[Event "FIDE World Ch (w)"]
[Site "Moscow RUS"]
[Date "2001.11.27"]
[Round "1.1"]
[White "Hoang Thanh Trang"]
[Black "Huang Qian"]
[Result "1/2-1/2"]
[WhiteElo "2439"]
[BlackElo "2275"]
[EventDate "2001.11.27"]
[PlyCount "112"]

1.d4 Nf6 2.c4 g6 3.Nf3 Bg7 4.g3 d6 5.Bg2 O-O 6.Nc3 Nbd7 7.O-O e5 8.e4 Re8 
9.h3 exd4 10.Nxd4 Nc5 11.Re1 h6 12.Rb1 a5 13.b3 Nh7 14.Bb2 Ng5 15.h4 Nh7 
16.Nd5 c6 17.Nf4 Nf6 18.f3 Qc7 19.Qd2 g5 20.hxg5 hxg5 21.Nf5 Bxf5 22.Bxf6 
gxf4 23.Bxg7 Bxe4 24.fxe4 Kxg7 25.gxf4 Re6 26.Qd4+ Kg8 27.Re3 Nd7 28.Rg3+ 
Rg6 29.Rxg6+ fxg6 30.Rd1 Nf8 31.Qxd6 Qf7 32.Rf1 Re8 33.f5 gxf5 34.Rxf5 Qg7
35.Qf4 Ne6 36.Qe5 b6 37.Qxg7+ Kxg7 38.Kf2 Nd4 39.Rf4 Re6 40.Rg4+ Kf8 41.
Ke3 c5 42.Bh3 Rh6 43.Rg3 Ke7 44.e5 Rh4 45.Bc8 Nc2+ 46.Kf2 Rf4+ 47.Rf3 
Rxf3+ 48.Kxf3 Nb4 49.a3 Nc2 50.Ke4 Nxa3 51.Kd5 Nc2 52.Kc6 Nd4+ 53.Kxb6 
Nxb3 54.Kb5 Nd2 55.Kxc5 a4 56.Kb4 a3 1/2-1/2

[Event "FIDE World Ch (w)"]
[Site "Moscow RUS"]
[Date "2001.11.27"]
[Round "1.1"]
[White "Ciuksyte, Dagne"]
[Black "Arakhamia-Grant, Ketevan"]
[Result "0-1"]
[WhiteElo "2271"]
[BlackElo "2437"]
[EventDate "2001.11.27"]
[PlyCount "76"]

1.e4 d5 2.exd5 Qxd5 3.Nc3 Qa5 4.d4 Nf6 5.Bc4 Bg4 6.f3 Bf5 7.Ne2 e6 8.Bd2 
Qb6 9.O-O c6 10.Kh1 Nbd7 11.Bb3 Bd6 12.Bf4 Bxf4 13.Nxf4 O-O-O 14.Na4 Qc7 
15.Qc1 h5 16.Qe3 h4 17.Ne2 Kb8 18.Rad1 Rdg8 19.c4 g5 20.Nac3 g4 21.Qf4 h3 
22.Qxc7+ Kxc7 23.g3 gxf3 24.Rxf3 Ne4 25.Kg1 Bg4 26.Re3 Nd6 27.Re1 a6 28.
Nf4 Nf5 29.Rd3 Rd8 30.Bd1 Nf6 31.d5 exd5 32.cxd5 Rhe8 33.Rxe8 Rxe8 34.Bxg4
Nxg4 35.Nxh3 Re1+ 36.Kg2 Nfe3+ 37.Kf3 Ne5+ 38.Ke4 Nc2+ 0-1

[Event "FIDE World Ch (w)"]
[Site "Moscow RUS"]
[Date "2001.11.28"]
[Round "1.4"]
[White "Ciuksyte, Dagne"]
[Black "Arakhamia-Grant, Ketevan"]
[Result "1/2-1/2"]
[WhiteElo "2255"]
[BlackElo "2446"]
[EventDate "2001.11.27"]
[PlyCount "113"]

1.e4 d5 2.exd5 Qxd5 3.Nc3 Qa5 4.d4 Nf6 5.Bc4 Bg4 6.f3 Bf5 7.Ne2 e6 8.Bd2 
Qb6 9.Bf4 Bb4 10.Qd2 Nc6 11.a3 Bxc3 12.Qxc3 O-O-O 13.O-O-O Nd5 14.Bxd5 
Rxd5 15.Be3 Qa6 16.Nf4 Rd7 17.g4 Bg6 18.h4 h5 19.Nxg6 fxg6 20.Qd3 Qxd3 21.
Rxd3 Rf8 22.Rh3 Rdf7 23.gxh5 gxh5 24.Bf2 Ne7 25.Rg3 g6 26.c4 Rf4 27.Rh3 
Nf5 28.b3 Rd8 29.d5 exd5 30.cxd5 b6 31.Kc2 Ne7 32.Be3 Rf7 33.Bg5 Rxd5 34.
Bxe7 Rxd3 35.Kxd3 Rxe7 36.Rg3 Re6 37.Rg5 Kd7 38.f4 Rf6 39.Ke4 c5 40.f5 
gxf5+ 41.Kf4 b5 42.Rxh5 c4 43.bxc4 bxc4 44.Ke5 Rf7 45.Kd4 f4 46.Kxc4 f3 
47.Rd5+ Kc6 48.Rd1 Rf4+ 49.Kd3 Rxh4 50.Ke3 Rh3 51.Rf1 Kb5 52.a4+ Kb4 53.
Rb1+ Ka3 54.Ra1+ Kb2 55.Rd1 a5 56.Rd5 Kb3 57.Rxa5 1/2-1/2

[Event "FIDE World Ch (w)"]
[Site "Moscow RUS"]
[Date "2001.11.27"]
[Round "1.1"]
[White "Bojkovic, Natasa"]
[Black "Kouvatsou, Maria"]
[Result "1/2-1/2"]
[WhiteElo "2452"]
[BlackElo "2234"]
[EventDate "2001.11.27"]
[PlyCount "122"]

1.e4 e5 2.Nf3 Nf6 3.Nc3 Bb4 4.d3 d5 5.exd5 Nxd5 6.Bd2 Nc6 7.Be2 O-O 8.O-O 
Nxc3 9.bxc3 Bc5 10.Rb1 f6 11.Re1 Be6 12.Bf1 Qd7 13.c4 Rad8 14.h3 Qf7 15.
Qe2 Rfe8 16.Qe4 Bc8 17.Qh4 Qg6 18.Bc3 Ne7 19.Bb4 Bxb4 20.Rxb4 Nf5 21.Qe4 
c5 22.Rbb1 Qf7 23.Rbd1 Qc7 24.Rb1 Nd6 25.Qh4 Qa5 26.Rb2 Qc3 27.Reb1 e4 28.
dxe4 Rxe4 29.Qg3 Re7 30.Bd3 f5 31.Qf4 Qf6 32.a4 Ne4 33.Rb3 Nc3 34.Rxc3 
Qxc3 35.Rb5 b6 36.a5 Qa1+ 37.Kh2 Qf6 38.axb6 axb6 39.Rb1 Qd6 40.Kg3 h6 41.
h4 Kf7 42.h5 Kf6 43.Ra1 Be6 44.Qxd6 Rxd6 45.Kf4 Bf7 46.Bxf5 Bxh5 47.g4 Be8
48.Bd3 Bc6 49.Nd2 Rd4+ 50.Kg3 Kg5 51.f3 Bb7 52.Ra7 Rdd7 53.Ra1 Kf6 54.Rb1 
Rd6 55.Kf4 Kf7 56.Kg3 Re3 57.Kf4 Re7 58.Kg3 Rf6 59.Kf2 Rd6 60.Kg3 Rf6 61.
Kf2 Rd6 1/2-1/2

[Event "FIDE World Ch (w)"]
[Site "Moscow RUS"]
[Date "2001.11.27"]
[Round "1.1"]
[White "Mohota, Nisha"]
[Black "Stepovaya-Dianchenko, Tatiana"]
[Result "1-0"]
[WhiteElo "2262"]
[BlackElo "2435"]
[EventDate "2001.11.27"]
[PlyCount "109"]

1.d4 d5 2.c4 e6 3.Nc3 c6 4.e3 Bd6 5.Bd3 f5 6.Nge2 Nf6 7.Qc2 Ne4 8.O-O O-O 
9.f3 Nxc3 10.Nxc3 Na6 11.a3 dxc4 12.Bxc4 b5 13.Be2 Qc7 14.f4 Bb7 15.Bf3 
Qe7 16.Bd2 Nc7 17.e4 fxe4 18.Bxe4 h6 19.Rae1 Qd7 20.Qb3 Nd5 21.Nxd5 exd5 
22.Bb1 Rf6 23.Qd3 Kf7 24.Re3 Re8 25.Rxe8 Kxe8 26.Re1+ Kd8 27.Qh7 Kc7 28.g3
Kb6 29.Qd3 Re6 30.Qc3 Rxe1+ 31.Bxe1 a6 32.b4 Bc8 33.f5 Qe7 34.Qd2 Qf6 35.
Qf2 Kb7 36.Bd2 a5 37.bxa5 Bxa3 38.g4 Be7 39.Bf4 Bd6 40.Qe3 Bxf4 41.Qxf4 
Qg5 42.Qxg5 hxg5 43.Kf2 Ka6 44.Kg3 Kxa5 45.h4 gxh4+ 46.Kxh4 Bd7 47.Kg5 Be8
48.f6 gxf6+ 49.Kxf6 c5 50.dxc5 d4 51.Ke5 b4 52.Kxd4 Bf7 53.Ke5 b3 54.Kd6 
Bc4 55.g5 1-0